000 00923nam a2200241ua 4500
001 sky274855600
003 SKY
005 20260112004621.0
008 160719s nyua 001 0 eng d
020 _a9780545470179
040 _dSKYRV
_cndc
100 1 _aBerenstain, Stan
_0(local)711072.
245 1 4 _aThe Berenstain Bears family reunion /
_cStan and Jan Berenstain.
260 _aNew York :
_bScholastic,
_cc2012.
300 _a1 volume (unpaged) . :
_bcol. ill. ;
_c23 cm.
490 0 _aI can read!
_aLevel 1 beginning reading.
520 _aThe Bears are having a family reunion, and all their relatives are invited. Come have fun with Mama, Papa, Sister, Brother, Honey and all the Bears from near and far.
650 0 _aFamilies
_vJuvenile fiction.
_0(local)335744.
650 0 _aBears
_vJuvenile fiction.
_0(local)339594.
700 _aBerenstain, Jan
_0(local)725416.
907 _a.b479212557
942 _cBK
999 _c31466
_d31464